00965nam a22002297a 450000500170000001000150001702000270003203500140005903700140007308200110008710000200009824502010011825000110031926000310033027000830036130000360044450000500048070000240053094200250055499900190057995201370059820180713120515.0 aENG-123463 c1695.00a9788131253922 aEN-106995 bDBAD/PUB. a342.54 aSamaraditya Pal aIndia's constitution origins and evolution:cby Samaraditya Pal [and] Deepan Kumar Sarkarbconstituent assembly debates lok sabha debates on constitutional amendments and supreme court judgments / avol. 8 aGurgaonbLexis Nexisc2018 a14th floor, Building No-10, Tower-B, DLF Cyber City, Phase-11bGurgaone122002 avol.8 (cxviii,1346p.)c24cm(Hb) aIt includes subject index, Article 227 to 267 aDeepan Kumar Sarkar 2ddccENmSAMh342.54 c153967d153967 001040718NFICaZLSbZLSd2018-07-13eDBAD/PUBg1695.00l0o342.54 SAMpEN-106995r2018-07-13 00:00:00t1v1695.00w2018-07-13yEN